Shakespeare's Hamlet /

Bibliographic Details
Main Author: Shakespeare, William, 1564-1616
Other Authors: Lowes, John Livingston, 1067- (Editor)
Format: Book
Language:English
Published: New York : H. Holt, 1914.
Series:English readings for schools.
Subjects:

MARC

Tag First Indicator Second Indicator Subfields
LEADER 00000cam a22000001 4500
001 in00001663756
005 20180817102745.0
008 790719s1914 nyu b 000 1 eng
010 |a  14010413  
019 |a 6502098 
035 |a (OCoLC)ocm05187051 
040 |a DLC  |c MBB  |d DLC  |d TXA  |d OCLCQ  |d UtOrBLW 
049 |a TXAM  |c [16622] 
050 0 0 |a PR2807.A2  |b L6 
092 |a 822.33  |b S7ℓ 
100 1 |a Shakespeare, William,  |d 1564-1616. 
245 1 0 |a Shakespeare's Hamlet /  |c ed. by John Livingston Lowes. 
264 1 |a New York :  |b H. Holt,  |c 1914. 
300 |a xxxiii, 252 pages :  |b illustrations, maps ;  |c 17 cm. 
336 |a text  |b txt  |2 rdacontent 
337 |a unmediated  |b n  |2 rdamedia 
338 |a volume  |b nc  |2 rdacarrier 
490 1 |a English readings for schools 
504 |a Descriptive bibliography: pages xxix-xxxiii. 
600 0 0 |a Hamlet  |c (Legendary character)  |v Drama. 
650 0 |a Princes  |z Denmark  |v Drama. 
700 1 |a Lowes, John Livingston,  |d 1067-  |e editor. 
740 0 |a Hamlet. 
830 0 |a English readings for schools. 
994 |a E0  |b TXA 
999 |a MARS 
999 f f |s 5e533e8c-d052-394f-a526-c739a60b7595  |i 48a783c6-c6f8-3e32-b206-5fec6a6996e0  |t 0 
952 f f |p normal  |a Texas A&M University  |b College Station  |c Sterling C. Evans Library  |d Evans: Library Stacks  |t 0  |e PR2807.A2 L6  |h Library of Congress classification  |i unmediated -- volume  |m A14801310007 
998 f f |a PR2807.A2 L6  |t 0  |l Evans: Library Stacks